(NEW) Player Chain #2 - Statistics

General Stats
  • This quiz has been taken 126 times
  • The average score is 10 of 20
Answer Stats
Region Top 3 Agents Answer % Correct
Americas a{spas}
100%
Pacific stax
74%
Americas xenom
67%
EMEA nAts
57%
EMEA ara
56%
EMEA trexx
56%
Americas Melser
53%
Americas artzin
52%
Americas s0m
52%
Americas keznit
51%
CN ZmjjKK
51%
Americas Xeppaa
45%
Americas RobbieBk
44%
Pacific BuZz
41%
Pacific Meteor
33%
EMEA Ruxic
33%
EMEA Cloud
29%
EMEA kamyk
27%
CN deLb
20%
Pacific Kr1stal
15%
No matching quizzes found
Score Distribution
Percent of People with Each Score
Percentile by Number Answered
Your Score History
You have not taken this quiz